000 00704nam a2200193 a 4500
003 0
005 20250407103443.0
008 071124s19uu xx 00 eng d
050 _aPHS LB 3060.57
_b.L44 2007
100 _aLee, II Ho (Jack).
245 _aComparative study of the academic performance of students' likeability on teachers /
_cII Ho (Jack) Lee.
260 _aLas PiƱas City, Philippines :
_bSouthville International School and Colleges,
_c2007.
300 _a23 pages :
_billustrations ;
_c28 cm.
504 _aIncludes bibliographical references.
650 _aAcademic achievement.
650 _aTeacher-student relationships.
650 _aTeacher effectiveness.
942 _2lcc
_cPASS
999 _c97851
_d97851